[Event "EU-ch 25th"]
[Site "Eforie Nord"]
[Date "2025.03.16"]
[Round "2"]
[White "Portariuc, Gheorghe"]
[Black "Girel, Joseph"]
[Result "0-1"]
[WhiteElo "1530"]
[BlackElo "2498"]
[PlyCount "78"]
[EventDate "2025.03.15"]
[EventType "swiss"]
[EventRounds "11"]
[EventCountry "ROU"]
[SourceTitle "CB13_2025"]
[SourceDate "2025.03.26"]
[SourceVersion "1"]
[SourceVersionDate "2025.03.26"]
[SourceQuality "1"]

1. e4 c5 2. c3 d5 3. exd5 Qxd5 4. d3 Nc6 5. h3 g6 6. Bf4 Bg7 7. Nf3 Nf6 8. Be2 Bf5 9. Na3 Rd8 10. 0-0 0-0 11. Ne1 e5 12. Be3 b6 13. Bf3 Qd7 14. Be2 Nd5 15. Qd2 Rfe8 16. Rd1 Qc8 17. Qc1 Nxe3 18. Qxe3 e4 19. Qg5 exd3 20. Bxd3 Rxe1 21. Rfxe1 Rxd3 22. Rxd3 Bxd3 23. Qe3 Bf5 24. Nb5 Be6 25. a3 Qd7 26. a4 Ne5 27. Qg3 a6 28. Na3 Qd5 29. Nb1 h5 30. f4 Nd3 31. Rd1 c4 32. b3 Qc5+ 33. Kh2 Nxf4 34. b4 Qf5 35. Qf3 Be5 36. Kg1 Bd5 37. Qf2 Bxg2 38. Qxb6 Nxh3+ 39. Kxg2 Qg4+ 0-1